| 000 | 00744nam a2200145Ia 4500 | ||
|---|---|---|---|
| 008 | 171212s9999 xx 000 0 und d | ||
| 020 | _a9781920942151 | ||
| 100 | _aGray, M.C.;Hunter, Boyd;Taylor, John | ||
| 245 |
_cGray, M.C.;Hunter, Boyd;Taylor, John _aHealth Expenditure, Income and Health Status Among Indigenous and Other Australians |
||
| 260 |
_bANU E Press _c2004 |
||
| 440 | _aCentre for Aboriginal Economic Policy Research (CAEPR) | ||
| 650 | _aAboriginal Australians -- Health and hygiene; Torres Strait Islanders -- Health and hygiene; Aboriginal Australians -- Medical care; Torres Strait Islanders -- Medical care; Medical care, Cost of -- Australia | ||
| 650 | _aSociology | ||
| 856 | _uwww.jstor.org/stable/10.2307/j.ctt2jbk5v | ||
| 999 |
_c351138 _d351138 |
||